El hijo de Astérix / (Registro nro. 9269)

Detalles MARC
000 -LIDER
fixed length control field 00667nam a22002537a 4500
001 - NÚMERO DE CONTROL
Identificador de número de control 0179
003 - IDENTIFICACDOR DE NÚMERO DE CONTROL
control field DO-SdBNP
005 - DATE AND TIME OF LATEST TRANSACTION
control field 20180306095336.0
007 - CAMPOS FIJOS DE DESCRIPCIÓN FÍSICA
fixed length control field 0179
008 - ELEMENTOS DE LONGITUD FIJA
fixed length control field 151005b 200 1983 sp 00| 0 spa d
020 ## - ISBN
International Standard Book Number 8474193109
040 ## - FUENTE DE CATALOGACIÓN
Agencia que crea de manera original el registro BPMSU
Idioma de catalogación spa
Agencia que realiza la transcripción BPMSU
092 ## - LOCALLY ASSIGNED DEWEY DECIMAL CALL NUMBER
Número de clasificación XXXX
Número de ítem (Cutter) XXXX
100 1# - ASIENTO PRINCIPAL -- NOMBRE PERSONAL
Nombre personal Goscinny, R.
240 13 - TITULO UNIFORME
Título uniforme Le fils d´Astérix
245 13 - MENCIÓN DE TITULO
Título El hijo de Astérix /
Mención de responsabilidad R. Goscinny, A. Uderzo ; traducción Víctor Mora
260 ## - PUBLICACIÓN, DISTRIBUCIÓN, ETC. (PIE DE IMPRENTA)
Lugar de publicación, distribución, etc Barcelona :
Nombre del editor, distribuidor, etc. Junior,
Fecha de publicación, distribución, etc 1983.
300 ## - DESCRIPCIÓN FÍSICA
Extensión 48 p :
Otros detalles físicos il..
Dimensiones 30 cm.
700 1# - ASIENTO SECUNDARIO -- NOMBRE PERSONAL
Nombre personal Uderzo, A.
700 1# - ASIENTO SECUNDARIO -- NOMBRE PERSONAL
Nombre personal Mora, Victor,
Mención de responsabilidad trad.
942 ## - ADDED ENTRY ELEMENTS (KOHA)
Source of classification or shelving scheme Dewey Decimal Classification
Koha item type Libros
945 ## - INFORMACIÓN DE PROCESAMIENTO LOCAL
Información de procesamiento local Inventariado, 2018/MFF
956 ## - LOCAL ELECTRONIC LOCATION AND ACCESS (OCLC)
Nombre de host Yngrid Lockward
Existencias
Withdrawn status Lost status Source of classification or shelving scheme Damaged status Not for loan Collection code Home library Current library Date acquired Source of acquisition Total Checkouts Barcode Date last seen Price effective from Koha item type
    Dewey Decimal Classification     Colección Infantil General Biblioteca Pública Metropolitana Salomé Ureña Biblioteca Pública Metropolitana Salomé Ureña 03/16/2016 Donación   BPMSU16030146 03/16/2016 03/16/2016 Libros